000 00343nam a22001457a 4500
008 210322b ||||| |||| 00| 0 eng d
020 _a9780393956566
041 _aeng
080 _a32
082 _a32
100 _a19
101 _aSHP
245 _aThe Proud Decades America in War and Peace 1941-1960
_cDiggins, J. P
942 _2udc
_cBK
999 _c56632
_d56632